| 000 | 00368nam a2200133Ia 4500 | ||
|---|---|---|---|
| 008 | 240624s9999 xx 000 0 und d | ||
| 041 | _aeng | ||
| 082 | _a658.301 BOU | ||
| 100 | _aBOUDREAU JOHN W | ||
| 245 | _aRETOOLING HR USING PROVEN BUSINESS TOOLS | ||
| 260 |
_c2010 _aNew Delhi _bHarvard Business Press |
||
| 300 | _aviii, : 212 : p. : cm. ; 23 | ||
| 365 |
_cRS _b38 |
||
| 999 |
_c28373 _d28373 |
||